000 00507nam a2200193Ia 4500
003 GCL
008 140319s9999 xx 000 0 eng d
040 _aGCL /
_cGCL
082 0 4 _a337
_bL I
100 1 _aLINDERT, PETER H
245 1 0 _aINTERNATIONAL ECONOMICS /
_cLINDERT, PETER H
700 1 _aPUGEL, THOMAS A
260 _a[S.N] :
_bIRWIN ،
_c1996
300 _a679 P
650 0 4 _aFOREIGN EXCHANGE
650 0 4 _aCOMMERCIAL POLICY
650 0 4 _aINTERNATIONAL ECONOMIC RELATIONS
942 _2ddc
_cBK
999 _c13303
_d13303